ha-Mashber ha-ruḥani ṿeha-dati etsel Yehude Germanyah ba-maḥatsit ha-rishonah shel ha-meʾah ha-18 ṿe-riḳʻo ha-medini ṿeha-sotsyali.
Saved in:
| Main Author: | |
|---|---|
| Format: | Book |
| Language: | Hebrew |
| Published: |
Yerushalayim :
ha-Universiṭah ha-ʻIvrit,
[1957]
|
| Subjects: | |
| Tags: |
Add Tag
No Tags, Be the first to tag this record!
|
| LEADER | 00684nam a22001937u 4500 | ||
|---|---|---|---|
| 001 | 002168043-4 | ||
| 005 | 20020606093309.7 | ||
| 008 | 910422s1957 is |||||||heb|d | ||
| 035 | 0 | |a ocm30421686 | |
| 100 | 1 | |a Shoḥeṭ, ʻAzriʾel. | |
| 245 | 1 | 3 | |a ha-Mashber ha-ruḥani ṿeha-dati etsel Yehude Germanyah ba-maḥatsit ha-rishonah shel ha-meʾah ha-18 ṿe-riḳʻo ha-medini ṿeha-sotsyali. |
| 260 | |a Yerushalayim : |b ha-Universiṭah ha-ʻIvrit, |c [1957] | ||
| 300 | |a ix, 268, 32 p. ; |c 28 cm. | ||
| 502 | |a Thesis (Ph.D.) --ha-Universiṭah ha-ʻIvrit, 1957. | ||
| 650 | 0 | |a Haskalah |z Germany. | |
| 650 | 0 | |a Jews |z Germany. | |
| 752 | |a Israel |d Jerusalem | ||
| 988 | |a 20020608 | ||
| 906 | |0 MH | ||


